000 00588nam a2200181Ia 4500
008 100920s9999 xx 000 0 und d
082 _b96214
_a--- न 06
100 _aराजे नयना.
245 _aअनोख्या वाटा.
260 _bपारस पब्लिकेशन,कोल्हापूर.
_c2006
300 _a224
_bसाधी
365 _b220
520 _aकादंबरी.
630 _aअनोख्या वाटा.
650 _aकादंबरी.
730 _aअनोख्या वाटा.
942 _cBOOK
999 _c736654
_d736651